Flags that don't have red - Statistics

General Stats
  • This quiz has been taken 37 times
  • The average score is 34 of 38
Answer Stats
Picture Answer % Correct
Afghanistan
100%
Argentina
97%
Cyprus
97%
Greece
97%
India
97%
Ireland
97%
Kazakhstan
97%
Pakistan
97%
Sweden
97%
Ukraine
97%
Uruguay
97%
Finland
93%
Israel
93%
Jamaica
93%
Niger
93%
Nigeria
93%
Saudi Arabia
93%
Bhutan
90%
Côte d'Ivoire
90%
Estonia
90%
Honduras
90%
Kosovo
90%
San Marino
90%
Bahamas
87%
Barbados
87%
Somalia
87%
Saint Lucia
83%
Micronesia
80%
Nauru
80%
Marshall Islands
77%
Palau
77%
Rwanda
77%
Saint Vincent and the Grenadines
77%
Solomon Islands
77%
Tanzania
77%
Gabon
73%
Lesotho
73%
Sierra Leone
73%
No matching quizzes found
Score Distribution
Percent of People with Each Score
Percentile by Number Answered
Your Score History
You have not taken this quiz